[Event "BCF-chT 2122 (4NCL)"]
[Site "England"]
[Date "2022.03.26"]
[Round "5.136"]
[White "Lewis, Andrew P"]
[Black "Fallowfield, Jeremy"]
[Result "1-0"]
[WhiteElo "2229"]
[BlackElo "2168"]
[PlyCount "51"]
[EventDate "2021.11.27"]
[EventType "team-swiss"]
[EventRounds "11"]
[EventCountry "ENG"]
[SourceTitle "EXT 2023"]
[Source "ChessBase"]
[SourceDate "2022.10.05"]
[SourceVersion "1"]
[SourceVersionDate "2022.10.05"]
[SourceQuality "1"]
[WhiteTeam "Anglian Avengers"]
[BlackTeam "Warwicks Select"]
[WhiteTeamCountry "ENG"]
[BlackTeamCountry "ENG"]

1. c4 Nf6 2. Nc3 g6 3. e4 d6 4. d4 Bg7 5. Nf3 0-0 6. h3 e5 7. d5 a5 8. Be3 Na6 9. g4 Nd7 10. a3 Nb6 11. Rg1 Kh8 12. h4 f5 13. gxf5 gxf5 14. Ng5 Qf6 15. exf5 Bxf5 16. Nce4 Qe7 17. Bd3 Nd7 18. Qc2 h6 19. 0-0-0 Bxe4 20. Nxe4 Nac5 21. Rg6 Nxe4 22. Bxe4 Rf4 23. Rdg1 Rg8 24. R6g2 Qxh4 25. Bxf4 exf4 26. Bh7 1-0

[Event "Shropshire op"]
[Site "Telford"]
[Date "2020.01.05"]
[Round "4"]
[White "Cox, Tristan"]
[Black "Fallowfield, Jeremy"]
[Result "0-1"]
[WhiteElo "2138"]
[BlackElo "2142"]
[PlyCount "54"]
[EventDate "2020.01.03"]
[EventType "swiss"]
[EventRounds "5"]
[EventCountry "ENG"]
[SourceTitle "CBM 194 Extra"]
[Source "ChessBase"]
[SourceDate "2020.03.31"]
[SourceVersion "1"]
[SourceVersionDate "2020.03.31"]
[SourceQuality "1"]

1. c4 g6 2. d4 Nf6 3. Nc3 Bg7 4. e4 0-0 5. f3 Nc6 6. Nge2 e5 7. Be3 exd4 8. Nxd4 Nxd4 9. Bxd4 c6 10. Be2 d6 11. 0-0 a6 12. a4 Qe7 13. Re1 Be6 14. Bf1 Rfe8 15. Nd5 Bxd5 16. exd5 Qxe1 17. Qxe1 Rxe1 18. Rxe1 c5 19. Bf2 Nd7 20. Re7 Rd8 21. Bh4 Bd4+ 22. Kh1 Bxb2 23. Rxf7 Kxf7 24. Bxd8 Bc3 25. a5 Bf6 26. Bxf6 Kxf6 27. h4 b6 0-1

[Event "Shropshire op"]
[Site "Telford"]
[Date "2020.01.03"]
[Round "1"]
[White "Fallowfield, Jeremy"]
[Black "Ross, Stuart"]
[Result "1-0"]
[WhiteElo "2142"]
[BlackElo "1643"]
[PlyCount "61"]
[EventDate "2020.01.03"]
[EventType "swiss"]
[EventRounds "5"]
[EventCountry "ENG"]
[SourceTitle "CBM 194 Extra"]
[Source "ChessBase"]
[SourceDate "2020.03.31"]
[SourceVersion "1"]
[SourceVersionDate "2020.03.31"]
[SourceQuality "1"]

1. d4 Nf6 2. c4 g6 3. f3 d5 4. cxd5 Nxd5 5. e4 Nb6 6. Nc3 Bg7 7. Be3 Nc6 8. d5 Ne5 9. f4 Ned7 10. Nf3 0-0 11. Bd3 Nf6 12. Qe2 e6 13. dxe6 Bxe6 14. 0-0 Qe7 15. Nd4 Bg4 16. Qf2 Rfe8 17. Rae1 Be6 18. h3 Bc4 19. Bxc4 Nxc4 20. Bc1 c5 21. Nf3 b6 22. e5 Nd7 23. b3 Na5 24. Ne4 Nb7 25. Bb2 Nf8 26. Nf6+ Bxf6 27. exf6 Qd7 28. Qh4 Rxe1 29. Rxe1 Qf5 30. Qh6 Ne6 31. Rxe6 1-0

[Event "BCF-chT2a 1819 (4NCL)"]
[Site "England"]
[Date "2018.11.10"]
[Round "1.35"]
[White "Talsma, Paul"]
[Black "Fallowfield, Jeremy"]
[Result "1-0"]
[WhiteElo "2184"]
[BlackElo "2132"]
[PlyCount "52"]
[EventDate "2018.11.10"]
[EventType "team-tourn"]
[EventRounds "11"]
[EventCountry "ENG"]
[SourceTitle "EXT 2021"]
[Source "ChessBase"]
[SourceDate "2020.10.23"]
[SourceVersion "1"]
[SourceVersionDate "2020.10.23"]
[SourceQuality "1"]
[WhiteTeam "Anglian Avengers"]
[BlackTeam "Warwicks Select"]
[WhiteTeamCountry "ENG"]
[BlackTeamCountry "ENG"]

1. d4 Nf6 2. c4 g6 3. Nc3 d5 4. Nf3 Bg7 5. Qa4+ c6 6. cxd5 Nxd5 7. e4 Nxc3 8. bxc3 0-0 9. Be3 c5 10. Be2 Nc6 11. Rc1 cxd4 12. cxd4 Bd7 13. Qa3 Rc8 14. 0-0 Qa5 15. Qb3 b6 16. d5 Ne5 17. Nd4 Rxc1 18. Rxc1 Rc8 19. Rxc8+ Bxc8 20. h3 Nd7 21. Nc6 Qe1+ 22. Kh2 Qxe2 23. Nxe7+ Kh8 24. Nxc8 Nc5 25. Qa3 Nxe4 26. Qe7 h6 1-0

[Event "BCF-chT2b 1718 (4NCL)"]
[Site "England"]
[Date "2018.03.17"]
[Round "7.75"]
[White "Fallowfield, Jeremy"]
[Black "Emerson, Roger"]
[Result "1/2-1/2"]
[WhiteElo "2155"]
[BlackElo "2213"]
[PlyCount "20"]
[EventDate "2017.11.11"]
[EventType "team-tourn"]
[EventRounds "7"]
[EventCountry "ENG"]
[SourceTitle "EXT 2020"]
[Source "ChessBase"]
[SourceDate "2019.10.17"]
[SourceVersion "1"]
[SourceVersionDate "2019.10.17"]
[SourceQuality "1"]
[WhiteTeam "Warwicks Select"]
[BlackTeam "Guildford III"]
[WhiteTeamCountry "ENG"]
[BlackTeamCountry "ENG"]

1. d4 Nf6 2. c4 g6 3. g3 Bg7 4. Bg2 0-0 5. Nc3 d6 6. Nf3 Nbd7 7. 0-0 e5 8. e4 c6 9. h3 Qb6 10. Re1 Ne8 1/2-1/2

[Event "Shropshire op"]
[Site "Telford"]
[Date "2018.01.05"]
[Round "1"]
[White "Gordon, Stephen J"]
[Black "Fallowfield, Jeremy"]
[Result "0-1"]
[WhiteElo "2535"]
[BlackElo "2071"]
[PlyCount "96"]
[EventDate "2018.01.05"]
[EventType "swiss"]
[EventRounds "5"]
[EventCountry "ENG"]
[SourceTitle "CBM 182 Extra"]
[Source "ChessBase"]
[SourceDate "2018.02.23"]
[SourceVersion "1"]
[SourceVersionDate "2018.02.23"]
[SourceQuality "1"]

1. Nf3 Nf6 2. c4 g6 3. Nc3 Bg7 4. e4 d6 5. d4 0-0 6. h3 e5 7. d5 Na6 8. Bg5 h6 9. Be3 Nc5 10. Nd2 a5 11. Be2 Bd7 12. g4 c6 13. h4 a4 14. g5 hxg5 15. hxg5 Nh7 16. Rg1 f6 17. gxf6 Qxf6 18. Nf3 Rf7 19. Qc2 Be8 20. Rg2 Rc7 21. 0-0-0 Rac8 22. Kb1 Na6 23. dxc6 bxc6 24. Nxa4 Rb7 25. a3 Rcb8 26. Bc1 Nc7 27. Ng5 Nf8 28. c5 d5 29. Nb6 Nd7 30. exd5 Nxb6 31. cxb6 Nxd5 32. Bc4 Rd8 33. Qb3 Bf7 34. Nxf7 Qxf7 35. a4 Qf5+ 36. Qc2 e4 37. Rg5 Qf7 38. Qxe4 Rxb6 39. Qxg6 Rdb8 40. Rdg1 Rxb2+ 41. Bxb2 Rxb2+ 42. Ka1 Ra2+ 43. Kb1 Rb2+ 44. Ka1 Ra2+ 45. Kb1 Ra1+ 46. Kc2 Qxf2+ 47. Kd3 Qe3+ 48. Kc2 Qc3# 0-1

[Event "BCF-chT2 1617 (4NCL) Promotion pool"]
[Site "England"]
[Date "2017.05.01"]
[Round "11.47"]
[White "Fallowfield, Jeremy"]
[Black "Ahluwalia, Amardip"]
[Result "1/2-1/2"]
[WhiteElo "2155"]
[BlackElo "2065"]
[PlyCount "87"]
[EventDate "2016.11.19"]
[EventType "team-tourn"]
[EventRounds "11"]
[EventCountry "ENG"]
[SourceTitle "EXT 2019"]
[Source "ChessBase"]
[SourceDate "2018.10.10"]
[SourceVersion "1"]
[SourceVersionDate "2018.10.10"]
[SourceQuality "1"]
[WhiteTeam "Warwicks Select"]
[BlackTeam "The ADS"]
[WhiteTeamCountry "ENG"]
[BlackTeamCountry "ENG"]

1. e4 e5 2. Nf3 Nc6 3. Bb5 a6 4. Ba4 Nf6 5. d3 b5 6. Bb3 Bc5 7. 0-0 d6 8. c3 Bb6 9. Re1 0-0 10. h3 Ne7 11. Nbd2 Ng6 12. Nf1 h6 13. Ng3 Be6 14. d4 Qe8 15. Be3 Rb8 16. Nh2 Qc8 17. Qf3 Nh4 18. Qe2 Ng6 19. Qf3 Nh4 20. Qe2 Ng6 21. Bc2 Re8 22. Nh5 Qd8 23. Qf3 Nxh5 24. Qxh5 Qf6 25. Rad1 Nf4 26. Qf3 g5 27. Ng4 Bxg4 28. hxg4 Qe7 29. g3 Ng6 30. Kg2 Kg7 31. Qf5 Qe6 32. Bb3 Qf6 33. Rh1 Rh8 34. Rh5 Ne7 35. Qxf6+ Kxf6 36. Rdh1 Kg7 37. f4 f6 38. Rf1 Rbf8 39. Rhh1 Ng6 40. Kf3 exf4 41. gxf4 gxf4 42. Bxf4 Nxf4 43. Kxf4 c5 44. Ke3 1/2-1/2

[Event "BCF-chT2 1617 (4NCL) Demotion pool"]
[Site "England"]
[Date "2017.04.30"]
[Round "10.52"]
[White "Fallowfield, Jeremy"]
[Black "Kilpatrick, Callum"]
[Result "1/2-1/2"]
[WhiteElo "2155"]
[BlackElo "2355"]
[PlyCount "54"]
[EventDate "2016.11.19"]
[EventType "team-tourn"]
[EventRounds "11"]
[EventCountry "ENG"]
[SourceTitle "EXT 2019"]
[Source "ChessBase"]
[SourceDate "2018.10.10"]
[SourceVersion "1"]
[SourceVersionDate "2018.10.10"]
[SourceQuality "1"]
[WhiteTeam "Warwicks Select II"]
[BlackTeam "Guildford III"]
[WhiteTeamCountry "ENG"]
[BlackTeamCountry "ENG"]

1. e4 e5 2. Nf3 Nc6 3. Bb5 a6 4. Ba4 Nf6 5. 0-0 Be7 6. Re1 b5 7. Bb3 d6 8. c3 0-0 9. h3 Na5 10. Bc2 d5 11. d4 dxe4 12. Nxe5 c5 13. Nd2 cxd4 14. Nxe4 dxc3 15. Qf3 Bb7 16. b4 Bxe4 17. Bxe4 Nxe4 18. Qxe4 f5 19. Qf4 g5 20. Qg3 f4 21. Qxc3 Rc8 22. Qf3 Nc4 23. Nxc4 bxc4 24. Bb2 Bxb4 25. Qb7 c3 26. Qxb4 cxb2 27. Qxb2 Qf6 1/2-1/2

[Event "BCF-chT2b 1617 (4NCL)"]
[Site "England"]
[Date "2016.11.19"]
[Round "1.76"]
[White "Findlay, David John"]
[Black "Fallowfield, Jeremy"]
[Result "1-0"]
[WhiteElo "2176"]
[BlackElo "2170"]
[PlyCount "63"]
[EventDate "2016.11.19"]
[EventType "team-tourn"]
[EventRounds "11"]
[EventCountry "ENG"]
[SourceTitle "EXT 2019"]
[Source "ChessBase"]
[SourceDate "2018.10.10"]
[SourceVersion "1"]
[SourceVersionDate "2018.10.10"]
[SourceQuality "1"]
[WhiteTeam "Alba"]
[BlackTeam "Warwicks Select"]
[WhiteTeamCountry "SCO"]
[BlackTeamCountry "ENG"]

1. e4 c5 2. Nf3 d6 3. d4 cxd4 4. Nxd4 Nf6 5. Nc3 a6 6. f4 Qc7 7. Bd3 g6 8. 0-0 Bg7 9. Nf3 Nbd7 10. Qe1 b5 11. e5 dxe5 12. fxe5 Ng4 13. e6 fxe6 14. Qh4 Nde5 15. Nxe5 Nxe5 16. Ne4 Nxd3 17. cxd3 Bb7 18. a4 Rd8 19. axb5 axb5 20. Bh6 Bd4+ 21. Kh1 Qe5 22. Rae1 Qh5 23. Qf4 g5 24. Bxg5 e5 25. Nf6+ exf6 26. Qxf6 Kd7 27. Qe7+ Kc8 28. Rc1+ Kb8 29. Qc7+ Ka8 30. Ra1+ Ba7 31. Rxa7+ Kxa7 32. Ra1# 1-0

[Event "GBR-ch 103rd"]
[Site "Bournemouth"]
[Date "2016.08.03"]
[Round "9"]
[White "Fallowfield, Jeremy"]
[Black "Lyell, Mark"]
[Result "1-0"]
[WhiteElo "2109"]
[BlackElo "2238"]
[PlyCount "83"]
[EventDate "2016.07.25"]
[EventType "swiss"]
[EventRounds "11"]
[EventCountry "ENG"]
[SourceTitle "CBM 173 Extra"]
[Source "ChessBase"]
[SourceDate "2016.08.29"]
[SourceVersion "1"]
[SourceVersionDate "2016.08.29"]
[SourceQuality "1"]

1. e4 c6 2. d4 d5 3. e5 c5 4. dxc5 Nc6 5. Nf3 e6 6. a3 a5 7. Bd3 Bxc5 8. 0-0 f6 9. Bf4 fxe5 10. Nxe5 Qf6 11. Nxc6 Qxf4 12. Qh5+ Qf7 13. Qxf7+ Kxf7 14. Ne5+ Ke7 15. c3 Nf6 16. Nd2 Nd7 17. Ndf3 Nxe5 18. Nxe5 Bd7 19. Rae1 Raf8 20. Re2 Rf6 21. g3 Kd6 22. Ng4 Rff8 23. Ne5 Rf6 24. Ng4 Rf7 25. Ne5 Re7 26. b4 Bb6 27. c4 Bd4 28. c5+ Kc7 29. Rc1 axb4 30. axb4 Ra8 31. b5 g6 32. b6+ Kd8 33. Nxd7 Kxd7 34. Bb5+ Kd8 35. c6 bxc6 36. Bxc6 Rc8 37. b7 Rxb7 38. Rxe6 Re7 39. Rd6+ Kc7 40. Rxd5 Bb2 41. Rc2 Kb6 42. Rb5+ 1-0

[Event "GBR-ch 103rd"]
[Site "Bournemouth"]
[Date "2016.07.29"]
[Round "5"]
[White "Fallowfield, Jeremy"]
[Black "Varney, Zoe"]
[Result "1/2-1/2"]
[WhiteElo "2109"]
[BlackElo "1818"]
[PlyCount "42"]
[EventDate "2016.07.25"]
[EventType "swiss"]
[EventRounds "11"]
[EventCountry "ENG"]
[SourceTitle "CBM 173 Extra"]
[Source "ChessBase"]
[SourceDate "2016.08.29"]
[SourceVersion "1"]
[SourceVersionDate "2016.08.29"]
[SourceQuality "1"]

1. d4 d5 2. c4 dxc4 3. Nf3 Nf6 4. Nc3 e6 5. e4 c5 6. d5 exd5 7. exd5 a6 8. a4 Bd6 9. Bxc4 0-0 10. 0-0 Bg4 11. Bg5 Re8 12. h3 Bh5 13. Qd3 Nbd7 14. Rfe1 Bxf3 15. Qxf3 Ne5 16. Qe2 Nxc4 17. Qxc4 Rxe1+ 18. Rxe1 h6 19. Bd2 Qb6 20. b3 Rd8 21. Bc1 Qc7 1/2-1/2

[Event "GBR-ch 103rd"]
[Site "Bournemouth"]
[Date "2016.07.25"]
[Round "1"]
[White "Fallowfield, Jeremy"]
[Black "Gormally, Daniel"]
[Result "0-1"]
[WhiteElo "2109"]
[BlackElo "2494"]
[PlyCount "66"]
[EventDate "2016.07.25"]
[EventType "swiss"]
[EventRounds "11"]
[EventCountry "ENG"]
[SourceTitle "CBM 173 Extra"]
[Source "ChessBase"]
[SourceDate "2016.08.29"]
[SourceVersion "1"]
[SourceVersionDate "2016.08.29"]
[SourceQuality "1"]

1. e4 c5 2. Nf3 d6 3. d4 cxd4 4. Nxd4 Nf6 5. Nc3 a6 6. Bg5 e6 7. f4 Nbd7 8. Qe2 Qc7 9. 0-0-0 Be7 10. g4 h6 11. Bh4 b5 12. a3 Rb8 13. Bg2 b4 14. axb4 Rxb4 15. Rhe1 Bb7 16. e5 dxe5 17. fxe5 Ng8 18. Bxe7 Nxe7 19. Bxb7 Qxb7 20. Ne4 0-0 21. c3 Rb6 22. g5 Nd5 23. gxh6 g6 24. Nd6 Qc7 25. Qc2 Nxe5 26. Rxe5 Rxd6 27. Rxe6 Rxe6 28. Nxe6 fxe6 29. Qxg6+ Kh8 30. Qxe6 Nxc3 31. Rd7 Qf4+ 32. Kc2 Ne4 33. Rd4 Qf2+ 0-1

[Event "BCF-chT3Sc 1516 (4NCL)"]
[Site "England"]
[Date "2016.05.02"]
[Round "11.85"]
[White "Fallowfield, Jeremy"]
[Black "Myall, Ivan J"]
[Result "1/2-1/2"]
[WhiteElo "2092"]
[BlackElo "2080"]
[PlyCount "58"]
[EventDate "2016.03.20"]
[EventType "team-swiss"]
[EventRounds "11"]
[EventCountry "ENG"]
[SourceTitle "EXT 2017"]
[Source "ChessBase"]
[SourceDate "2016.10.25"]
[SourceVersion "1"]
[SourceVersionDate "2016.10.25"]
[SourceQuality "1"]
[WhiteTeam "Warwicks Select II"]
[BlackTeam "Anglian Avengers II"]
[WhiteTeamCountry "ENG"]
[BlackTeamCountry "ENG"]

1. e4 e5 2. Nf3 Nc6 3. Bb5 Bc5 4. Nxe5 Qe7 5. Nf3 Qxe4+ 6. Be2 Nf6 7. 0-0 0-0 8. Nc3 Qe8 9. d4 Be7 10. d5 Nb8 11. Nb5 Nxd5 12. Qxd5 c6 13. Qh5 cxb5 14. Bd3 f5 15. Qxe8 Rxe8 16. Bxf5 Bf6 17. Bd3 a6 18. c3 Nc6 19. Be3 d5 20. Rac1 Bg4 21. Be2 Ne5 22. Nxe5 Bxe2 23. Rfe1 Bxe5 24. Rxe2 d4 25. cxd4 Bxd4 26. Kf1 Bxe3 27. Rxe3 Rxe3 28. fxe3 Rd8 29. Ke2 Rd7 1/2-1/2

[Event "BCF-chT2d 1516 (4NCL) Demotion pool"]
[Site "England"]
[Date "2016.05.01"]
[Round "10.20"]
[White "Fallowfield, Jeremy"]
[Black "Balloglu, Piro"]
[Result "1/2-1/2"]
[WhiteElo "2138"]
[BlackElo "1959"]
[PlyCount "65"]
[EventDate "2015.11.14"]
[EventType "team-tourn"]
[EventRounds "4"]
[EventCountry "ENG"]
[SourceTitle "EXT 2017"]
[Source "ChessBase"]
[SourceDate "2016.10.25"]
[SourceVersion "1"]
[SourceVersionDate "2016.10.25"]
[SourceQuality "1"]
[WhiteTeam "Warwicks Select"]
[BlackTeam "Hackney"]
[WhiteTeamCountry "ENG"]
[BlackTeamCountry "ENG"]

1. d4 d5 2. c4 c6 3. Nc3 Nf6 4. Nf3 dxc4 5. a4 Bf5 6. Ne5 e6 7. f3 Bb4 8. Nxc4 Nd5 9. Qd2 Bg6 10. e4 Nb6 11. Ne3 a5 12. Be2 Na6 13. 0-0 Qe7 14. Nc4 Nxc4 15. Bxc4 0-0 16. Qe2 f6 17. Be3 Bf7 18. Rad1 Nc7 19. Na2 Bd6 20. f4 e5 21. dxe5 fxe5 22. f5 Ne8 23. Kh1 Nf6 24. Nc3 Kh8 25. Bg5 Rad8 26. Bd3 Bc5 27. Rde1 Qd6 28. Bc2 Bh5 29. Qc4 Rd7 30. Bd1 Bf7 31. Qe2 Qd4 32. Qf3 Qb4 33. Bc1 1/2-1/2

[Event "BCF-chT2d 1516 (4NCL) Demotion pool"]
[Site "England"]
[Date "2016.04.30"]
[Round "9.20"]
[White "Selway, Richard P"]
[Black "Fallowfield, Jeremy"]
[Result "1/2-1/2"]
[WhiteElo "2110"]
[BlackElo "2138"]
[PlyCount "121"]
[EventDate "2015.11.14"]
[EventType "team-tourn"]
[EventRounds "4"]
[EventCountry "ENG"]
[SourceTitle "EXT 2017"]
[Source "ChessBase"]
[SourceDate "2016.10.25"]
[SourceVersion "1"]
[SourceVersionDate "2016.10.25"]
[SourceQuality "1"]
[WhiteTeam "The ADS"]
[BlackTeam "Warwicks Select"]
[WhiteTeamCountry "ENG"]
[BlackTeamCountry "ENG"]

1. e4 c5 2. Nc3 Nc6 3. g3 g6 4. Bg2 Bg7 5. d3 d6 6. Be3 e5 7. Nge2 Nge7 8. 0-0 0-0 9. Qd2 Nd4 10. f4 exf4 11. Nxf4 Nec6 12. Ncd5 b6 13. c3 Ne6 14. h3 Ne5 15. Nxe6 Bxe6 16. Rf2 Bxd5 17. exd5 f5 18. b3 Qd7 19. d4 cxd4 20. Bxd4 Rfe8 21. Re1 Re7 22. Rfe2 Rae8 23. Kf1 Rf8 24. Kg1 Rfe8 25. Kf1 h6 26. a4 Rf8 27. Rf2 Kh7 28. Kg1 Rfe8 29. Rfe2 Bf6 30. Kf1 Bg5 31. Qc2 Bf6 32. Ra1 h5 33. a5 bxa5 34. Rxa5 Ra8 35. Qa2 Qb7 36. c4 Bg7 37. Rb5 Qd7 38. Qd2 Rae8 39. Ra5 Nxc4 40. bxc4 Rxe2 41. Qxe2 Rxe2 42. Rxa7 Qe8 43. Rxg7+ Kh6 44. Bf3 Rd2 45. Rg8 Qxg8 46. Be3+ g5 47. Bxd2 Kg6 48. Kf2 g4 49. hxg4 hxg4 50. Be2 Qb8 51. Bf4 Qb6+ 52. Be3 Qb4 53. Bf4 Kf7 54. Be3 Qb1 55. Bf4 Ke7 56. Bg5+ Kd7 57. Bf4 Qh1 58. Ke3 Qe1 59. Kd3 Qb1+ 60. Ke3 Qb2 61. Bd3 1/2-1/2

[Event "BCF-chT3 1415 (4NCL)"]
[Site "England"]
[Date "2015.05.03"]
[Round "11.95"]
[White "Fallowfield, Jeremy"]
[Black "Ross, Chris Neil"]
[Result "1/2-1/2"]
[WhiteElo "2047"]
[BlackElo "2189"]
[PlyCount "54"]
[EventDate "2015.03.21"]
[EventType "team-swiss"]
[EventRounds "11"]
[EventCountry "ENG"]
[SourceTitle "EXT 2016"]
[Source "ChessBase"]
[SourceDate "2015.10.08"]
[SourceVersion "1"]
[SourceVersionDate "2015.10.08"]
[SourceQuality "1"]
[WhiteTeam "Warwicks Select II"]
[BlackTeam "e2e4.org.uk II"]
[WhiteTeamCountry "ENG"]
[BlackTeamCountry "ENG"]

1. d4 g6 2. e4 Bg7 3. c4 d6 4. Nc3 Nf6 5. f3 0-0 6. Be3 c6 7. Nge2 e5 8. Qd2 a6 9. d5 cxd5 10. cxd5 Ne8 11. g4 f5 12. gxf5 gxf5 13. Bg5 Bf6 14. exf5 Bxf5 15. h4 Nd7 16. Ng3 Bxg5 17. hxg5 Bg6 18. Bd3 Rf4 19. Bxg6 hxg6 20. Qh2 Ng7 21. 0-0-0 Rc8 22. Kb1 Kf7 23. Nce4 Nc5 24. Ne2 Rf5 25. N2g3 Rf4 26. Ne2 Rf5 27. N2g3 Rf4 1/2-1/2

[Event "BCF-chT1d 1415 (4NCL) Demotion pool"]
[Site "England"]
[Date "2015.03.29"]
[Round "8.188"]
[White "Fallowfield, Jeremy"]
[Black "Needham, Sabrina"]
[Result "1-0"]
[WhiteElo "2047"]
[BlackElo "1754"]
[PlyCount "79"]
[EventDate "2014.11.15"]
[EventType "team-tourn"]
[EventRounds "4"]
[EventCountry "ENG"]
[SourceTitle "EXT 2016"]
[Source "ChessBase"]
[SourceDate "2015.10.08"]
[SourceVersion "1"]
[SourceVersionDate "2015.10.08"]
[SourceQuality "1"]
[WhiteTeam "Warwicks Select"]
[BlackTeam "Cambridge"]
[WhiteTeamCountry "ENG"]
[BlackTeamCountry "ENG"]

1. e4 c5 2. Nc3 e6 3. f4 Nh6 4. Nf3 Nc6 5. d4 cxd4 6. Nxd4 a6 7. Be3 Bb4 8. Nxc6 Bxc3+ 9. bxc3 bxc6 10. Bc5 d5 11. Qd4 Rg8 12. e5 g5 13. Bd3 Nf5 14. Bxf5 exf5 15. e6 Bxe6 16. 0-0 Rb8 17. Rae1 Kd7 18. fxg5 Qxg5 19. g3 Qg7 20. Qf4 Kc8 21. Rb1 Rb5 22. a4 Qxc3 23. Bd4 Qc4 24. axb5 Rg4 25. Qe5 Qxd4+ 26. Qxd4 Rxd4 27. bxa6 Ra4 28. Ra1 Rxa1 29. Rxa1 Kb8 30. a7+ Ka8 31. Kf2 d4 32. Ra5 Bd5 33. Ke1 h5 34. h4 Be6 35. Kd2 Bd5 36. Rxd5 cxd5 37. Kd3 Kxa7 38. Kxd4 Kb6 39. Kxd5 Kc7 40. Ke5 1-0

[Event "BCF-chT1a 1415 (4NCL)"]
[Site "England"]
[Date "2015.03.28"]
[Round "7.128"]
[White "Vrbova, Niki"]
[Black "Fallowfield, Jeremy"]
[Result "1-0"]
[WhiteElo "2139"]
[BlackElo "2047"]
[PlyCount "37"]
[EventDate "2014.11.15"]
[EventType "team-swiss"]
[EventRounds "11"]
[EventCountry "ENG"]
[SourceTitle "EXT 2016"]
[Source "ChessBase"]
[SourceDate "2015.10.08"]
[SourceVersion "1"]
[SourceVersionDate "2015.10.08"]
[SourceQuality "1"]
[WhiteTeam "White Rose"]
[BlackTeam "Warwicks Select"]
[WhiteTeamCountry "ENG"]
[BlackTeamCountry "ENG"]

1. e4 g6 2. g3 d5 3. e5 c5 4. d4 Nc6 5. c3 cxd4 6. cxd4 h5 7. Nc3 Bf5 8. Bd3 Bxd3 9. Qxd3 e6 10. Nf3 Nh6 11. Bg5 Be7 12. Bxe7 Qxe7 13. 0-0 Nf5 14. a3 g5 15. Nxd5 exd5 16. Qxf5 g4 17. Nh4 Nxd4 18. Qd3 Ne6 19. Nf5 1-0